00395pab a2200133 454500008004000000100002100040245010400061260000900165300001200174362000800186650001300194700002000207773003400227180718b2011 xxu||||| |||| 00| 0 eng d aAdida, Claire L. aDo migrants improve their hometowns? Remittances and access to public services in Mexico, 1995-2000 c2011 ap.3-27. aJan aMigrants aGirod, Desha M. aComparative Political Studies